| 000 | 01571nac a22003371u 4500 | ||
|---|---|---|---|
| 090 | _c8327 | ||
| 008 | 090114t xxu||||| |||| 00| 0 eng d | ||
| 010 | _a 2008530055 | ||
| 020 | _a9780521651516 (hbk.) | ||
| 020 | _a0521651514 (hbk.) | ||
| 035 | _a(OCoLC)ocm85829271 | ||
| 082 | 0 | 4 |
_a620.11 _bGRA |
| 100 | _aDe Graef, Marc. | ||
| 245 | 1 | 0 |
_aStructure of materials : _ban introduction to crystallography, diffraction and symmetry / _cMarc De Graef, Michael E. McHenry. |
| 260 |
_aUnited Kingdom : _bCambridge University Press,2007. _cc2007. |
||
| 300 |
_axxxi, 844 p. : _bill. ; _c25 cm. |
||
| 500 | _aDistributer: Al-Ahram | ||
| 504 | _aIncludes bibliographical references and index. | ||
| 511 | _aCatalogued by: Sara | ||
| 650 | 0 | _aCrystallography. | |
| 650 | 0 | _aDiffraction. | |
| 650 | 0 | _aSymmetry. | |
| 650 | 0 | _aMaterials science. | |
| 700 | 1 | _aMcHenry, Michael E. | |
| 856 | 4 | 2 |
_3Contributor biographical information _uhttp://www.loc.gov/catdir/enhancements/fy0808/2008530055-b.html |
| 856 | 4 | 2 |
_3Publisher description _uhttp://www.loc.gov/catdir/enhancements/fy0808/2008530055-d.html |
| 856 | 4 | 2 |
_3Table of contents only _uhttp://www.loc.gov/catdir/enhancements/fy0808/2008530055-t.html |
| 942 |
_cBB _k620.11GRA _2ddc |
||
| 999 |
_c8327 _d8327 |
||